Cuestión social, trabajo social y el campesinado: breves notas para su aproximación = Social question, social work and the peasantry: brief notes for his approximation /
El presente artículo intenta colocar como punto central la discusión teórica acerca de los principales nudos de análisis en términos del campesinado y su comprensión en el marco de las clases sociales para, posteriormente, ver su relación con el Trabajo Social y la cuestión social: su principal obje...
Guardado en:
| 主要作者: | |
|---|---|
| 格式: | Texto |
| 主題: | |
| 標簽: |
添加標簽
沒有標簽, 成為第一個標記此記錄!
|
MARC
| LEADER | 00000 a a2200000 04500 | ||
|---|---|---|---|
| 001 | 44447 | ||
| 003 | |||
| 040 | |||
| 100 | |a Villalobos, Manuel Antonio | ||
| 245 | |a Cuestión social, trabajo social y el campesinado: breves notas para su aproximación = |b Social question, social work and the peasantry: brief notes for his approximation / |c Manuel Antonio Villalobos | ||
| 500 | |a manuelucr06@yahoo.es | ||
| 520 | |a El presente artículo intenta colocar como punto central la discusión teórica acerca de los principales nudos de análisis en términos del campesinado y su comprensión en el marco de las clases sociales para, posteriormente, ver su relación con el Trabajo Social y la cuestión social: su principal objeto de estudio. | ||
| 590 | |a RRH/ABRIL2013 | ||
| 650 | |a CAPITALISMO | ||
| 650 | |a CAMPESINADO | ||
| 650 | |a MARXISMO | ||
| 650 | |a TRABAJO SOCIAL | ||
| 650 | |a EXPLOTACION | ||
| 773 | |g volumen91, número2 (2012), páginas 1021-1209 | ||
| 999 | |c 22997 |d 22997 | ||
